Normal view
MARC view
- Iftikhar Warich Kalrvi
Entry Personal Name
001 - CONTROL NUMBER
- control field: 17161
003 - CONTROL NUMBER IDENTIFIER
- control field: NUST
005 - DATE AND TIME OF LATEST TRANSACTION
- control field: 20190709071326.0
008 - FIXED-LENGTH DATA ELEMENTS
- fixed length control field: 190709|| aca||aabn | a|a d
040 ## - CATALOGING SOURCE
- Original cataloging agency: NUST
- Transcribing agency: NUST
100 ## - HEADING--PERSONAL NAME
- Personal name: Iftikhar Warich Kalrvi
670 ## - SOURCE DATA FOUND
- Source citation: Work cat.: (NUST): Iftikhar Warich Kalrvi, Dais mera Ji dara di /, 2000.
